[Event "GER-ch U25 op"]
[Site "Willingen"]
[Date "2009.06.05"]
[Round "8"]
[White "Berger, Manuel"]
[Black "Rosenberger, Andreas"]
[Result "1-0"]
[WhiteElo "1767"]
[BlackElo "1478"]
[PlyCount "55"]
[EventDate "2009.05.30"]
[EventType "swiss"]
[EventRounds "9"]
[EventCountry "GER"]
[SourceTitle "EXT 2010"]
[Source "ChessBase"]
[SourceDate "2010.11.25"]
[SourceVersion "1"]
[SourceVersionDate "2010.11.25"]
[SourceQuality "1"]

1. e4 d6 2. d4 Nf6 3. Nc3 g6 4. Bg5 Bg7 5. e5 dxe5 6. dxe5 Qxd1+ 7. Rxd1 Ng4 8. h3 Nxe5 9. Nd5 0-0 10. Nxc7 Bf5 11. Nxa8 Bxc2 12. Bxe7 Re8 13. Rd8 Rxd8 14. Bxd8 Nbc6 15. Bc7 Nd3+ 16. Bxd3 Bxd3 17. Kd2 Be4 18. Nf3 Nb4 19. Ke3 Bc6 20. Bh2 Bh6+ 21. Kd4 Bg7+ 22. Kc4 Nxa2 23. Nc7 Bf8 24. Rd1 Nb4 25. Rd8 b5+ 26. Nxb5 Bd5+ 27. Rxd5 Nxd5 28. Kxd5 1-0